000 00302nam a22001337a 4500
008 170204b xxu||||| |||| 00| 0 eng d
020 _a9780316924207
041 _aeng
080 _227TH
_a61
100 _a3
101 _aSHM
245 _aMANUAL OF MEDICAL THERAPEUTICS
_cWOODLEY, M
942 _2udc
_cBK
999 _c4682
_d4682